On Missing entries in cladistic analysis (Registro nro. 11123)

Detalles MARC
000 -CABECERA
Campo de control 005190000a22001810004500
090 ## - CLASIFICACIÓN LOCAL
Colección AR
Consecutivo 02046
041 0# - IDIOMA
Código de idioma para texto/pista de sonido o título separado
100 1# - ASIENTO PRINCIPAL--NOMBRE PERSONAL
Nombre personal Platnick, Norman I.
245 10 - MENCION DE TITULO
Título On Missing entries in cladistic analysis
650 14 - ASIENTO SECUNDARIO DE MATERIA - TERMINO TEMATICO
Término temático o nombre geográfico como elemento de entrada Análisis genético
650 14 - ASIENTO SECUNDARIO DE MATERIA - TERMINO TEMATICO
Término temático o nombre geográfico como elemento de entrada Taxonomía
650 14 - ASIENTO SECUNDARIO DE MATERIA - TERMINO TEMATICO
Término temático o nombre geográfico como elemento de entrada Polimorfismo
650 14 - ASIENTO SECUNDARIO DE MATERIA - TERMINO TEMATICO
Término temático o nombre geográfico como elemento de entrada Cladística
700 1# - ASIENTO SECUNDARIO - NOMBRE PERSONAL
Nombre personal Coddington, Jonathan A.
700 1# - ASIENTO SECUNDARIO - NOMBRE PERSONAL
Nombre personal Griswold, Charles E.
773 1# - Item fuente:
Título Cladistics
Especificación de materiales 468
Descripción física 7
Paginas del Articulo 337-343
Lugar, editorial y fecha de publicación 1991
942 ## - ELEMENTOS ADICIONALES (KOHA)
Tipo de ítem Artículo
Existencias
Withdrawn status Lost status Damaged status No para préstamo Colección Ubicación Permanente Ubicación actual Fecha de adquisición Fuente de Valor Datos de publicación Seriada Total Checkouts Número topográfico Inventario / Código de Barras Date last seen Ejemplar Price effective from Forma de adquisición Tipo de material
      No para Préstamo Hemeroteca Bogotá Bogotá 27/02/2015 Instituto de Ciencias Naturales Fuera de circulación   AR 02046 012421 25/03/2015 1 25/03/2015   Artículo